Sculptures Célèbres - Statistiques

Statistiques générales
  • Ce quiz a été pris 117 fois
  • Le résultat moyen est 8 sur 22
Statistiques - réponses
Par images Réponse % Correct
Le Penseur
92%
David
85%
Statue de la Liberté
79%
Venus de Milo
76%
La Petite sirène
65%
Le Sphinx
65%
Christ Rédempteur
64%
Manneken Pis
58%
Les Moaï
41%
La victoire de Samothrace
34%
La Pieta
30%
Nanas
27%
Auguste
16%
Lincoln Memorial
14%
La louve Capitoline
10%
Buste de Louis XIV
8%
Apollon et Daphnée
6%
Groupe du Laocoon
5%
L’Enlèvement de Proserpine
3%
Psyché ranimée par le baiser de l'Amour
3%
Dame Tholose
1%
La ville détruite
1%
Aucun quiz correspondant
Distribution des résultats
% des personnes avec chaque résultat
Percentile par nombre de réponses
Votre historique - résultats
Vous n’avez pas pris ce quiz